00913nam a22002057a 450000500170000000800410001704000070005804100080006508200210007310000120009424500690010626000390017530000260021436500220024052003700026265000170063265000210064965000230067070000140069320230624100547.0230624b ||||| |||| 00| 0 eng d cAL aeng 223a796.35bANAB aS Anand aBrahmans and Cricket:bLagaans Millennial Purana and Other Myths aChennaibRavikumar and Anandc2003 aiv,60p.bPBc21x14cm. b60.00c₹d60.00 aCritical study of the film, Lagaan, and analysis of its preconceptions and views of society and the role of Brahmans. a thoughtful Dalit critique of modern culture. How did a priestly class-soft, even effeminate-come to dominate a sport? Why does such dominance not extend to hockey or football? In Brahmans and Cricket, S. Anand seeks answers to unasked questions. aHindi Cinema aCaste Aspersions aKathakar Tradition aANAND (S)